000
00314 a2200157 4500
001
70639
020
_a
8508063547
040
_c
Anchieta - Itaigara
240
1
0
_a
Os povos
_l
por
245
1
0
_a
Os povos
300
_a
125
362
0
_a
0
440
1
_a
Ática
650
4
_a
Cultura das instituições
942
_c
BK
999
_c
70639
_d
70639